LEADER 01495nam a2200289 a 4500 001 000000136436 003 CaOOAMICUS 005 20131127142947.0 008 131127s2013 it m 000 u ita d 040 $aPUG$bita$dPUL 100 1 $aElmisi Ilari, Damiano Ruben,$csac.,$d1967-$0(OLS)http://pul/name/87880 245 13$aLa diplomazia ecclesiastica tra teologia e diritto internazionale :$buna rilettura teologica della missione diplomatica pontificia /$cDamiano Ruben Elmisi Ilari. 260 $aRoma :$b[s.n.],$c2013. 300 $a214 p.$c25 cm 502 $aEstratto da Tesi di Dottorato in Diritto Canonico--Pontificia Universitas Gregoriana, 2013. 504 $aBibliografia: p. [173]-210. 610 14$aSanta Sede$xRelazioni diplomatiche$ySec. XX.$0(OLS)http://pul/subject/33959 650 4$aDiplomazia pontificia.$0(OLS)http://pul/subject/4667 710 2 $aPontificia Universitą Gregoriana.$bFacoltą di diritto canonico.$kTesi.$0(OLS)http://pul/name/81757 850 $aPUL 852 $aPUL$W1$xDP1 Tesi Pon. Univ. Gregoriana$y40$m2013 C 3$j155715$qTesi$B156632$CPULBib$Z2$F156632 $82 941 1 $a16 960 $aSanta Sede$xRelazioni diplomatiche$94667 960 $aSanta Sede$xRelazioni diplomatiche$94667 996 $6245$aLa diplomazia ecclesiastica tra teologia e diritto internazionale :$buna rilettura teologica della missione diplomatica pontificia$9(OLS)http://pul/title/172623 996 $6260$aRoma :$b[s.n.]$9(OLS)http://pul/publisher/47958 LEADER 01409nam a2200337 a 4500 001 000000171876 003 CaOOAMICUS 005 20190513134036.0 008 190513s2019 nyu u001 u eng r 020 $z978-1-138-89020-6* 032 $aLibriCat 040 $aPUL$bita 082 04$a179.9 245 00$aRoutledge handbook of virtue epistemology /$cedited by Heather Battaly. 246 30$aVirtue epistemolgy 260 $aLondon ;$aNew York :$bRoutledge,$c2019. 300 $aXI, 541 p. ;$c25 cm. 490 1 $aRoutledge handbooks in philosophy 650 4$aConoscenza$xFilosofia.$0(OLS)http://pul/subject/39165 650 04$aVirtł (filosofia).$0(OLS)http://pul/subject/45960 700 1 $aBattaly, Heather.$0(OLS)http://pul/name/110346 830 0$aRoutledge handbooks in philosophy.$0(OLS)http://pul/title/212733 850 $aPUL 852 $aPUL$W1$xSL Filosofia 3$y81$m179. 9 BATHE 1$j195729$bDDC 21$q $B200575$CPULBib$Z2$F200575 $H132704 $81 941 1 $a9 996 $6020$z978-1-138-89020-6*$9(OLS)http://pul/number/166045 996 $6082$a179.9$9(OLS)http://pul/classification/3101 996 $6245$aRoutledge handbook of virtue epistemology$9(OLS)http://pul/title/212731 996 $6246$aVirtue epistemolgy$9(OLS)http://pul/title/212732 996 $6260$aLondon ;$aNew York :$bRoutledge$9(OLS)http://pul/publisher/52469